Catálogo
 En Linea

Elegía de varones ilustres de Indias : (Registro nro. 36664)

Detalles MARC
000 -CABECERA
campo de control de longitud fija 00681nam a2200145 a 4500
001 - NÚMERO DE CONTROL
campo de control 000037174
005 - FECHA Y HORA DE LA ÚLTIMA TRANSACCIÓN
campo de control 20200930080204.0
008 - DATOS DE LONGITUD FIJA--INFORMACIÓN GENERAL
campo de control de longitud fija 120222s1967 pr 000 0 spa d
040 ## - FUENTE DE LA CATALOGACIÓN
Centro catalogador/agencia de origen DO-SdBNP
Lengua de catalogación spa
Centro/agencia transcriptor BNPHU
082 ## - NÚMERO DE LA CLASIFICACIÓN DECIMAL DEWEY
Número de clasificación xxxx
245 #0 - MENCIÓN DE TÍTULO
Título Elegía de varones ilustres de Indias :
Resto del título eligía Vl /
Mención de responsabilidad, etc. Juan de Castellanos ; estudio preliminar por María Teresa Babín ; selección traducida al inglés por Muna Lee.
260 ## - PUBLICACIÓN, DISTRIBUCIÓN, ETC.
Lugar de publicación, distribución, etc. Puerto Rico :
Nombre del editor, distribuidor, etc. Departamento de Instrucción Pública, Estado Libre Asociado de Puerto Rico,
Fecha de publicación, distribución, etc. 1967.
300 ## - DESCRIPCIÓN FÍSICA
Extensión 135 p. ;
Dimensiones 24 cm.
500 ## - NOTA GENERAL
Nota general (A la muerte de Joan Ponce de León, donde se cuenta la conquista la Boriquén, con otras muchas particularidades)
Existencias
Estado de retiro Estado de pérdida Restricciones de uso No para préstamo Código de colección Localización permanente Ubicación/localización actual Ubicación en estantería Fecha de adquisición Número de inventario Total de préstamos Signatura topográfica completa Código de barras Fecha visto por última vez Precio válido a partir de Tipo de ítem Koha
        Monografías: Libros y Folletos General General Orden iniciada 22.02.2012 LF1   xxxx 37174-10 25.06.2020 25.06.2020 No se presta

Con tecnología Koha